00837nas a2200229Ia 4500001001100000003000900011008004100020040001300061040001300074041001300087100004200100210002100142222002100163245008700184250001100271260003600282501008600318300002000404362003400424500011300458650003600571R022/43055IT-RoPAU151124c99999999xx |||||||||||| ||und|| aIT-RoPAU cIT-RoPAU aITALIANO aCola AdeliogCodice Aut. SPICS: 22201 aINFORMAZIONI MCS aInformazioni Mcs aINFORMAZIONI MCS, ANNO 23-N.08 (OTTOBRE 1980)bCorso Sul Dibattito Cinematografico a1a ed. aVICENZAbINFORMAZIONI MCSc1980 bPaulus - SPICS - Società San Paolo EM (non-commercial uses only)cCopyright2015 a17 p. [214-230] aANNO 023, N.08 (OTTOBRE 1980) aFinalità del Dibattito Cinematografico Pubblico. Educazione All'Immagine.Fasi del Dibattito e Metodologia. aCINEMAvPUBBLICAZIONE PERIODICA